Statistics for Premier League Top Scorers By Season

Click here to take the quiz!

General Stats

  • This quiz has been taken 44 times
    (4 since last reset)
  • The average score is 31 of 54

Answer Stats

Answer% Correct
Thierry Henry
100%
Luis Suárez
100%
Didier Drogba
100%
Dwight Yorke
100%
Wayne Rooney
100%
Dimitar Berbatov
100%
Robin Van Persie
100%
Sergio Agüero
100%
Michael Owen
100%
Harry Kane
100%
Robbie Fowler
100%
Jamie Vardy
100%
Mohamed Salah
100%
Alan Shearer
100%
Sadio Mané
100%
Ruud Van Nistelrooy
75%
Steven Gerrard
75%
Fernando Torres
75%
Cristiano Ronaldo
75%
Pierre-Emerick Aubameyang
75%
Teddy Sheringham
75%
Raheem Sterling
75%
Dennis Bergkamp
75%
Andy Cole
75%
Jimmy Floyd Hasselbaink
75%
Nicolas Anelka
75%
Diego Costa
50%
Daniel Sturridge
50%
Carlos Tevez
50%
Yaya Touré
50%
Ian Wright
50%
Darren Bent
50%
Kevin Phillips
50%
Romelu Lukaku
50%
Robert Pires
50%
Danny Ings
50%
Chris Sutton
50%
Gareth Bale
25%
Alexis Sánchez
25%
Matt Le Tissier
25%
Mark Viduka
25%
Les Ferdinand
25%
Roque Santa Cruz
25%
Andrew Johnson
25%
Dion Dublin
0%
James Beattie
0%
John Hartson
0%
Emmanuel Adebayor
0%
Hamilton Ricard
0%
Benni McCarthy
0%
Marcus Stewart
0%
Dean Holdsworth
0%
Louis Saha
0%
Kevin Gallacher
0%

Score Distribution

Percentile by Number Answered

Percent of People with Each Score

Your Score History

You have not taken this quiz since the last reset